000 00693cam a22001814a 4500
020 _a1578080614
040 _cDLC
082 0 0 _a333 S.P 1999 C141 Or.
245 0 0 _aIncentives in soil conservation :
_bfrom theory to practice /
260 _aEnfield, N.H. :
_bScience Publishers,
_cc1999.
300 _axvii, 384 p. :
_bill. ;
_c24 cm.
500 _a"Published in association with the World Association of Soil and Water Conservation (WASWC) ... [et al.]"--T.p. verso.
650 0 _aIncentives in soil conservation.
700 1 _aSanders, David W.
710 2 _aWorld Association of Soil and Water Conservation.
856 4 _uhttp://lcweb.loc.gov/catdir/toc/99034865.html
942 _cAEDBB
999 _c18283
_d18283